Представление документа в формате RUSMARC

ПолеНазваниеЗначение
  Тип записи a
  Библиографический уровень a
001 Контрольный номер RU/CBS_UL/BASE/722603818
005 Дата корректировки 20240209175336.1
100 Данные общей обработки __
a Данные общей обработки 20221124d2022 ||| 0rusy0189 ca
101 Язык документа 0_
a Язык текста rus
102 Страна публикации __
a Страна публикации RU
105 Кодированные данные (монография) __
a Кодированные данные (монография) y###||||000|y
181 Поле кодированных данных: вид содержания _1
a Код вида содержания (ISBD) i#
b Код характеристики содержания (ISBD) #xxe##
d i
g x
h x
i e
2 Код системы (источник кода, отличный от ISBD) isbdcontent
182 Поле кодированных данных: тип средства _1
a Код типа средства (ISBD) n
2 Код системы (источник кода, отличный от ISBD) isbdmedia
200 Заглавие и сведения об ответственности 1_
a Заглавие Сны до весны
b Общее обозначение материала Текст
e Сведения, относящиеся к заглавию [о животных, впадающих в спячку]
w Текст (визуальный) : непосредственный
203 Вид содержания и тип средства __
a Вид содержания Текст
b Характеристика содержания визуальный
c Тип средства непосредственный
333 Примечание о целевом назначении __
a Примечание о целевом назначении 6+
461 Уровень набора _0
1 2000
a Юный эрудит
463 Уровень физической единицы _0
1 001RU/CBS_UL/BASE/722601314
1 2000
a № 11
v С. 24-27
1 210
d 2022
606 Тематические рубрики 0_
a Основная рубрика Зоология
610 Ключевые слова 0_
a Ключевые слова зоология
610 Ключевые слова 0_
a Ключевые слова животные
610 Ключевые слова 0_
a Ключевые слова поведение животных
610 Ключевые слова 0_
a Ключевые слова спячка
610 Ключевые слова 0_
a Ключевые слова спячка животных
610 Ключевые слова 0_
a Ключевые слова медведи
610 Ключевые слова 0_
a Ключевые слова бурые медведи
610 Ключевые слова 0_
a Ключевые слова барсуки
610 Ключевые слова 0_
a Ключевые слова ежи
610 Ключевые слова 0_
a Ключевые слова белки
610 Ключевые слова 0_
a Ключевые слова жёлтый суслик
610 Ключевые слова 0_
a Ключевые слова летучие мыши
610 Ключевые слова 0_
a Ключевые слова броненосцы
686 Индексы других классификаций __
a Классификационный индекс 28.6
2 Код системы rubbk
801 Источник записи _0
a Страна RU
b Организация МБУК ЦБС г. Ульяновска
c Дата составления 20221124
g Правила каталогизации RCR
801 Источник записи _1
a Страна RU
b Организация МБУК ЦБС г. Ульяновска
c Дата составления 20221124
g Правила каталогизации RCR
901 Тип документа __
t Тип документа b
w Контрольный № источника RU/CBS_UL/BASE/722601314
910 Корректоры записи __
a Корректор записи Сидоркина
938 Служебная информация __
a Имя БД period